Historia de la estadística en Colombia / (Registro nro. 5702)

Detalles MARC
000 -LEADER
fixed length control field 01197nam a2200253Ia 4500
003 - CONTROL NUMBER IDENTIFIER
control field OSt
005 - DATE AND TIME OF LATEST TRANSACTION
control field 20200519161837.0
008 - FIXED-LENGTH DATA ELEMENTS--GENERAL INFORMATION
fixed length control field 191128s1978 ck gr 000 0dspa d
040 ## - CATALOGING SOURCE
Original cataloging agency CO-JMCR
Transcribing agency CO-JMCR
041 0# - LANGUAGE CODE
Language code of text/sound track or separate title spa
082 04 - DEWEY DECIMAL CLASSIFICATION NUMBER
Classification number 318 .61 /
Item number V649h
Edition number 23
100 1# - MAIN ENTRY--PERSONAL NAME
Personal name Vidales, Luis,
Relator term autor
9 (RLIN) 4516
245 10 - TITLE STATEMENT
Title Historia de la estadística en Colombia /
Statement of responsibility, etc. Luis Vidales ; colaboradores José Luis Díaz Granados, Alfredo Leguízamo Motta
250 ## - EDITION STATEMENT
Edition statement Primera edición
260 ## - PUBLICATION, DISTRIBUTION, ETC.
Place of publication, distribution, etc. Bogotá :
Name of publisher, distributor, etc. Departamento Administrativo Nacional de Estadísitica,
Date of publication, distribution, etc. 1978
300 ## - PHYSICAL DESCRIPTION
Extent 594 páginas
Dimensions 27 cm.
500 ## - GENERAL NOTE
General note Incluye datos biográficos del autor en la contra portada.
504 ## - BIBLIOGRAPHY, ETC. NOTE
Bibliography, etc. note Bibliografía páginas 589-594.
505 ## - FORMATTED CONTENTS NOTE
Formatted contents note La estadística precolombiana -- La estadística durante la colonia española -- El siglo XIX en el haber estadístico del país -- Colombia estadística en las tres primeras décadas del siglo XX -- Los sucesos estadísticos en Colombia en el período 1930-1951
650 ## - SUBJECT ADDED ENTRY--TOPICAL TERM
Topical term or geographic name entry element Estadística
General subdivision Historia
Geographic subdivision Colombia
9 (RLIN) 4517
700 1# - ADDED ENTRY--PERSONAL NAME
Personal name Díaz Granados, José Luis,
Relator term colaborador
9 (RLIN) 4518
700 1# - ADDED ENTRY--PERSONAL NAME
Personal name Leguízamo Motta, Alfredo,
Relator term colaborador
9 (RLIN) 4519
942 ## - ADDED ENTRY ELEMENTS (KOHA)
Source of classification or shelving scheme Dewey Decimal Classification
Koha item type Books
Existencias
Withdrawn status Lost status Source of classification or shelving scheme Materials specified (bound volume or other part) Damaged status Not for loan Home library Current library Shelving location Date acquired Source of acquisition Cost, normal purchase price Total Checkouts Full call number Barcode Date last seen Copy number Price effective from Koha item type
    Dewey Decimal Classification Donación--15/04/2018--     Biblioteca Pública José María del Castillo y Rada Biblioteca Pública José María del Castillo y Rada General Stacks 11/28/2019 Donación 0.00   318.61 / V649h 430003950 05/16/2024 Ej.1 11/28/2019 Books